Japanophobia : The myth of the invincible Japanese

Saved in:
Bibliographic Details
Main Author: Emmont, Bill
Format: Book
Language:Undetermined
Published: New York Times Books 1992
Subjects:
Tags: Add Tag
No Tags, Be the first to tag this record!
Institutions: Trung tâm Học liệu Trường Đại học Cần Thơ
LEADER 00563nam a2200205Ia 4500
001 CTU_97325
008 210402s9999 xx 000 0 und d
082 |a 338.7 
082 |b E54 
100 |a Emmont, Bill 
245 0 |a Japanophobia : 
245 4 |b The myth of the invincible Japanese 
245 0 |c Bill Emmont 
260 |a New York 
260 |b Times Books 
260 |c 1992 
650 |a Investments, japanese,Investments, japanese 
650 |z United States,Europe 
904 |i Tuyến 
980 |a Trung tâm Học liệu Trường Đại học Cần Thơ